000 00795nam a2200301Ia 4500
001 19661
003 IT-RoPAU
008 130308s9999 xx 000 0 und d
040 _aIT-RoPAU
040 _cIT-RoPAU
041 _aFRANCESE
100 _aMarion Denis
100 _gCodice Aut. SPICS: 4144
245 _aRealisme noir et realisme gris
245 _bSept Ans de Cinema Francais
250 _a1a ed.
260 _aPARIS
260 _bCerf
260 _c1953 [1° Ed.:1953 - Ed.Ling.Originale:1953]
300 _a"14 p. (prefazione: no ; testo: 14 [pagine: 38-51])"
500 _aCinema Francese Realismo Nero e Grigio
650 _aSTORIA NAZIONALE DEL CINEMA
650 _eCodice materia Spics: 6809
942 _cBK
957 _71
999 _c54423
_d54423
999 _bSI
999 _g1